| 000 | 01292naa a22002897a 4500 | ||
|---|---|---|---|
| 001 | BR9406891 | ||
| 003 | BR-BrBNA | ||
| 005 | 20250721155526.0 | ||
| 007 | ta | ||
| 008 | 250630b bl.|||m| |||| 00| 0 por d | ||
| 040 |
_aBR-BrBNA _bpor _cBiblioteca Nacional de Agricultura |
||
| 041 | _a(Pt) | ||
| 072 | _aP33 | ||
| 090 | _aP33 BR9406891 | ||
| 100 | 1 | _aPaula, J.L. de | |
| 100 | 1 | _aOliveira, L.B. de | |
| 111 | 1 |
_a3. Reuniao de Classificacao, Correlacao de Solos e Interpretacao de Aptidao Agricola _cRio de Janeiro, RJ (Brazil) _d22-28 Sep 1988 |
|
| 245 | 1 | _aSuperficie especifica de Horizontes B de diferentes classes de latossolos do Sudeste e Sul do Brasil | |
| 500 | _aAnais da 3. Reuniao de Classificacao, Correlacao de Solos e Interpretacao de Aptidao Agricola Rio de Janeiro, RJ (Brasil): 1988. p. 283-293 [Summaries (En, Pt); 19 ref.] (BR9406891-AMS) | ||
| 773 | 0 |
_tAnais da 3. Reuniao de Classificacao, Correlacao de Solos e Interpretacao de Aptidao Agricola _wP33 BR9406891 _gRio de Janeiro, RJ (Brasil), 1988. p. 283-293 |
|
| 650 | _aLatossolo | ||
| 650 | _aHorizonte | ||
| 650 | _aAnalise Fisica | ||
| 490 |
_aDocumentos - Servico Nacional de Levantamento e Conservacao de Solos (Brazil) _vno. 12 |
||
| 942 |
_cAMS _2AGRIS |
||
| 909 |
_a202506 _bLúcia _c55 _dLúcia Elande |
||
| 999 |
_c337002 _d337002 |
||